000 00607nam a2200193Ia 4500
005 20250923145518.0
008 008 250917s9999 xx 000 0 eng d
037 _aTextual
040 _aDSWL
_beng
_cDSWL
041 _aeng
_2eng
084 _aY57:4:7p251,N74, N79
_qDSWL
245 0 _aSlum clearance and improvement ( Paper of the seminar )
_c by Indian Institute of Public Administration
260 _aNew Delhi
_bDelhi I.I.P.A.
_c1979
300 _axii,151 p.
365 _aINR
_b27
925 _g27
942 _cTEXL
_hY57:4:7p251,N74, N79
999 _c1452269
_d1452269